00958nam a2200241Ii 45000010005000000030009000050080041000140200015000550400033000700410008001030820019001111000039001302450071001692640042002403000012002823360026002943370028003203380027003489400050003759990017004259520139004429520135005811383CO-ViMGA241108s9999||||xx |||||||||||||| ||und|| a958281277X aCO-ViMGAbspaerdacCO-ViMGA0 aspa04a330.91861 L32g1 aIndalecio Liévano Aguirre94802210aLos grandes conflictos sociales y económicos de nuestra historia 1aBogotá, Colombia : Intermedio, 2002 avolumen atextbtxt2rdacontent aunmediatedbn2rdamedia avolumebnc2rdacarrier aidficha_siabuc: 1355. -- ficha_no_siabuc:1383 c42659d42659 001040708001aMEVIGERRbMEVIGERRcGENd2004-06-18o330.91861 L32gpECA14507r2024-11-26 09:06:38tEj.1w2024-11-26yBKz1355 | 1625 00102lcc40708GENaMEPCONCObMEPCONCOcGENd2026-02-05l0o330.91861 L32gpPCON00676r2026-02-05 16:00:22tEj.1w2026-02-05yBK